00553nam a22001937a 450000500170000001000250001702000260004203500130006803500170008103500130009803700170011103700130012808200060014110000190014724500810016626000320024727000600027930000200033920170824115005.0 a1516EN07 ENG-114668 a9780007583089c499.00 aEN-98200 aB-601957-967 aB-667760 adplbKKP/Ven bDBAD/PUB aS aMantel, Hilary aThe assassination of Margaret Thatcher and other stories /cby Hilary Mantel aLondonbFourth Estatec2014 a77-85 Fulham Palace Road, Hammersmith, bLondoneW6 8JB a242p.c21cm(Hb)